Responses for Show #7462 - Tuesday, February 7, 2017

Contestants

[<< previous game]

Lauren Michniacki, a consumer insights manager from Chicago, Illinois

Jody Jabbora, a retired postal clerk from Las Vegas, Nevada

Jill Rausch, a captioner from Phoenix, Arizona (whose 1-day cash winnings total $12,801)

[next game >>]

Jeopardy! Round responses

PUZZLERS
NORTH AMERICAN HISTORY
ON THE MOVIE'S SOUNDTRACK
CITIES
CAPTAINS
OF INDUSTRY
    $200 11
just in time

Lauren
    $200 21
the Aztec empire

Lauren
    $200 1
Titanic

Jody
    $200 6
Barcelona

Jill
    $200 16
Captain Jack Sparrow

Lauren
    $200 26
Boeing

Jill
    $400 12
(Jody: What is America?)

Middle America

JodyLauren
    $400 22
Custer

Lauren
    $400 2
Ben-Hur

Jody
    $400 7
Lagos

Jody
    $400 17
(Hercule) Poirot

Jill
    $400 27
(Lauren: What is AT&T?)

General Electric

JodyLauren
    $600 13
password protected

Lauren
    $600 23
witchcraft

Jill
    $600 3
Moulin Rouge!

Jill
    $600 8
Wichita

Jill
    $600 18
Captain Morgan

Lauren
    $600 28
Wobblies

Triple Stumper
    $800 14
stop on a dime

Lauren
    $1,800 24
New France

Jill
    $800 4
Easy Rider

Jody
    $800 9
The Hague

Triple Stumper
    $800 19
The Night Watch

Jody
    $800 29
Bethlehem

Jill
    $1000 15
a house divided (against itself)

Jill
    $1000 25
(Jean) Lafitte

Jody
    $1000 5
Begin Again

Triple Stumper
    $1000 10
Aleppo

Jill
    $1000 20
The Flying Dutchman

Jill
    $1000 30
(Lauren: What is Monopoly?)

Standard Oil

JillLauren

Scores at the first commercial break (after clue 15):

Jill Jody Lauren
$3,400 $1,400 $2,000

Scores at the end of the Jeopardy! Round:

Jill Jody Lauren
$9,200 $3,600 $2,000

Double Jeopardy! Round responses

IN THE FIRST PLACE
BOOTS
MAN BOOKER PRIZE WINNERS
EYE HEALTH
MILESTONE BIRTHDAYS 2017
A 3 "S" ASSESSMENT
    $400 11
(Jody: What's the Tour de France?)

the Winter Olympics

JillJody
    $400 1
Puss in Boots

Jody
    $400 21
black

Lauren
    $400 6
Barbra Streisand

Lauren
    $400 12
(Jody: Let's say, what's a baseball game?)

scoreless

Jody
Triple Stumper
    $800 17
(Jody: Who is Wild Bill Hickok?)

Buffalo Bill Cody

Jody
Triple Stumper
    $800 2
(Lauren: What is a parking boot?)
(Jody: What is an Oregon boot?)
[Both originally ruled incorrect; Lauren was ruled correct before Final Jeopardy! and consequently, Jody was not penalized for her incorrect response]

a Denver boot

Lauren
    $800 27
[The end-of-round signal sounds.]

The English Patient

Jody
    $800 22
E

Lauren
    $800 7
(Jill: Who is-- d'oh!)

Shakira

JillJody
    $800 13
a masseuse

Jill
    $2,000 18
(Jody: What is All Quiet on [*]?)
(Alex: You gave us the title of the book, and the correct response is [*]. You included the correct information. That's right.)

the western front

Jody
    $1200 3
1984

Jill
    $1200 26
Paddy Clarke Ha Ha Ha

Triple Stumper
    $1200 23
macular degeneration

Jody
    $1200 8
(Alex: The film was Tootsie.)

Dustin Hoffman

Lauren
    $1200 14
obsess

Jody
    $1600 19
Bayreuth

Jill
    $1600 4
Boot Hill

Jill
    $1600 24
(Jill: What are contact lenses?)
(Alex: Be more specific.)
(Jill: Uh... disposable?)

soft contact lenses

JillLauren
    $1600 9
Arya

Jody
    $1600 15
the chassis

Jody
    $2000 20
East Timor

Triple Stumper
    $2000 5
"Boot Scootin' Boogie"

Lauren
    $2000 25
(Alex: Less than a minute to go now.)

a diopter

Triple Stumper
    $2000 10
Mia Sara

Jody
    $2000 16
stasis

Triple Stumper

Scores at the end of the Double Jeopardy! Round:

Jill Jody Lauren
$12,400 $13,600 $9,200

[wagering suggestions for these scores]

Final Jeopardy! Round responses

THE U.S. GOVERNMENT
LaurenWhat is Dept of Tra
$6,800
JillWhat is the FDA?
$6,001
JodyWhat is the Forest Service
$12,000
the Forest Service

Final scores:

Jill Jody Lauren
$6,399 $25,600 $2,400
2nd place: $2,000 New champion: $25,600 3rd place: $1,000

Game dynamics:

Coryat scores:

Jill Jody Lauren
$11,400 $12,800 $9,200
17 R
(including 1 DD),
2 W
16 R
(including 1 DD),
4 W
15 R,
2 W

Combined Coryat: $33,400

[game clues] [game scores] [suggest correction]

Game tape date: 2016-11-09
The J! Archive is created by fans, for fans. Scraping, republication, monetization, and malicious use prohibited; this site may use cookies and collect identifying information. See terms. The Jeopardy! game show and all elements thereof, including but not limited to copyright and trademark thereto, are the property of Jeopardy Productions, Inc. and are protected under law. This website is not affiliated with, sponsored by, or operated by Jeopardy Productions, Inc. Join the discussion at JBoard.tv.